00491nam a2200193 a 4500001001300000003000900013005001700022008004100039020001000080082001600090100002400106245002100130260005100151300000900202500003500211505001000246650001700256700002400273nice12345678IN_TiNIC20260116013804.0050524s1981 lona grp 000 0 eng  ac42300a297.82bCHI aChittick, William C aShiite Anthology aLondonbMuhammadi Trust of Great Britainc1981 a152p aincludes index and biblioraphy2 aIndex aShiah-Hadith1 aChittick, William C